Wonders of Rivers (Record no. 11788)

MARC details
000 -LEADER
fixed length control field 00245nam a22000977a 4500
008 - FIXED-LENGTH DATA ELEMENTS--GENERAL INFORMATION
fixed length control field 200217b ||||| |||| 00| 0 eng d
020 ## - INTERNATIONAL STANDARD BOOK NUMBER
International Standard Book Number 0893755710
100 ## - MAIN ENTRY--PERSONAL NAME
Personal name Bains Rae
9 (RLIN) 7471
245 ## - TITLE STATEMENT
Title Wonders of Rivers
260 ## - PUBLICATION, DISTRIBUTION, ETC. (IMPRINT)
Place of publication, distribution, etc. USA
Name of publisher, distributor, etc. Troll Associates
Date of publication, distribution, etc. 1982
Holdings
Withdrawn status Lost status Source of classification or shelving scheme Damaged status Koha normalized classification for sorting Not for loan Home library Current library Shelving location Date acquired Total Checkouts Full call number Barcode Date last seen Price effective from Koha item type
    Dewey Decimal Classification   823_000000000000000_JUNLIB   Good Samaritan School Library Good Samaritan School Library FICTION 02/17/2020   823 JUNLIB BAI15811 02/17/2020 02/17/2020 BOOK

Powered by Koha